The general, MacArthur and the man he called 'Doc' / (Record no. 1002)

000 -LEADER
fixed length control field 01283nam a22003857a 4500
001 - CONTROL NUMBER
control field 1407857
003 - CONTROL NUMBER IDENTIFIER
control field OSt
005 - DATE AND TIME OF LATEST TRANSACTION
control field 20210426114317.0
008 - FIXED-LENGTH DATA ELEMENTS--GENERAL INFORMATION
fixed length control field 830810s1983 nyua 001 0beng
010 ## - LIBRARY OF CONGRESS CONTROL NUMBER
LC control number 83048634
020 ## - INTERNATIONAL STANDARD BOOK NUMBER
International Standard Book Number 0882548549 :
040 ## - CATALOGING SOURCE
Original cataloging agency DLC
Transcribing agency DLC
Modifying agency DLC
Language of cataloging eng
041 ## - LANGUAGE CODE
Language code of text/sound track or separate title eng
043 ## - GEOGRAPHIC AREA CODE
Geographic area code p------
-- n-us---
050 00 - LIBRARY OF CONGRESS CALL NUMBER
Classification number E745.M3
Item number E33 1983
080 ## - UNIVERSAL DECIMAL CLASSIFICATION NUMBER
Universal Decimal Classification number 94
Item number E-28
082 00 - DEWEY DECIMAL CLASSIFICATION NUMBER
Classification number 940.54/26/0924
Edition number 19
100 1# - MAIN ENTRY--PERSONAL NAME
Personal name Egeberg, Roger Olaf,
Dates associated with a name 1903-
245 14 - TITLE STATEMENT
Title The general, MacArthur and the man he called 'Doc' /
Statement of responsibility, etc. by Roger Olaf Egeberg.
Remainder of title / by: Hippocrene Books
260 ## - PUBLICATION, DISTRIBUTION, ETC.
Place of publication, distribution, etc. New York, N.Y. :
Name of publisher, distributor, etc. Hippocrene Books
Date of publication, distribution, etc. c1983.
300 ## - PHYSICAL DESCRIPTION
Extent 242 p.
Other physical details ill. ;
Dimensions 24 cm.
365 ## - TRADE PRICE
Price amount 12.95 usd
500 ## - GENERAL NOTE
General note Includes index.
600 10 - SUBJECT ADDED ENTRY--PERSONAL NAME
Personal name MacArthur, Douglas,
Dates associated with a name 1880-1964.
600 10 - SUBJECT ADDED ENTRY--PERSONAL NAME
Personal name Egeberg, Roger Olaf,
Dates associated with a name 1903-
610 10 - SUBJECT ADDED ENTRY--CORPORATE NAME
Corporate name or jurisdiction name as entry element United States.
Subordinate unit Army
General subdivision Biography.
650 #0 - SUBJECT ADDED ENTRY--TOPICAL TERM
Topical term or geographic name entry element World War, 1939-1945
General subdivision Campaigns
Geographic subdivision Pacific Ocean.
650 #0 - SUBJECT ADDED ENTRY--TOPICAL TERM
Topical term or geographic name entry element History
9 (RLIN) 252
650 #0 - SUBJECT ADDED ENTRY--TOPICAL TERM
Topical term or geographic name entry element Generals
Geographic subdivision United States
General subdivision Biography.
653 ## - INDEX TERM--UNCONTROLLED
Uncontrolled term ისტორია
653 ## - INDEX TERM--UNCONTROLLED
Uncontrolled term მეორე მსოფლიო ომი
856 41 - ELECTRONIC LOCATION AND ACCESS
Materials specified Table of contents
Uniform Resource Identifier <a href="http://www.loc.gov/catdir/toc/fy052/83048634.html">http://www.loc.gov/catdir/toc/fy052/83048634.html</a>
906 ## - LOCAL DATA ELEMENT F, LDF (RLIN)
a 7
b cbc
c orignew
d 1
e ocip
f 19
g y-gencatlg
942 ## - ADDED ENTRY ELEMENTS (KOHA)
Source of classification or shelving scheme
Koha item type Books
Holdings
Withdrawn status Lost status Source of classification or shelving scheme Damaged status Not for loan Permanent location Current location Date acquired Inventory number Total Checkouts Full call number Barcode Date last seen Price effective from Koha item type
          Ken Walker International University Ken Walker International University 01/27/2021 2486   94 E-28 2486 01/27/2021 01/27/2021 Books

Powered by Koha